Insurance regulation overhaul (Record no. 69083)

MARC details
000 -LEADER
fixed length control field 00940cam a2200181 4500
001 - CONTROL NUMBER
control field WB3747-22
008 - FIXED-LENGTH DATA ELEMENTS--GENERAL INFORMATION
fixed length control field 011211n2001 000 0 eng u
035 ## - SYSTEM CONTROL NUMBER
System control number (Sirsi) u115961
245 ## - TITLE STATEMENT
Title Insurance regulation overhaul
260 ## - PUBLICATION, DISTRIBUTION, ETC.
Date of publication, distribution, etc. 2001
490 ## - SERIES STATEMENT
Series statement FSA Press Release
Volume/sequential designation 3 December 2001, (3)
520 ## - SUMMARY, ETC.
Summary, etc. The Financial Services Authority (FSA) has set out its plan for far reaching changes to the regulation of the UK's insurance industry. The Tiner Project will take forward the FSA's work to strengthen insurance regulation in the UK. Among the changes to regulation planned are: strengthening the disclosure scheme, and subjecting insurance companies to more pro-active and challenging regulation than in the past. A full report on the progress of the Tiner Project is expected by September 2002.
590 ## - LOCAL NOTE (RLIN)
Local note WB
650 ## - SUBJECT ADDED ENTRY--TOPICAL TERM
Topical term or geographic name entry element FINANCIAL SERVICES AUTHORITY
650 ## - SUBJECT ADDED ENTRY--TOPICAL TERM
Topical term or geographic name entry element REGULATION
690 ## - LOCAL SUBJECT ADDED ENTRY--TOPICAL TERM (OCLC, RLIN)
Topical term or geographic name as entry element Insurance
9 (RLIN) 6249
942 ## - ADDED ENTRY ELEMENTS (KOHA)
Suppress in OPAC 0
Holdings
Withdrawn status Lost status Source of classification or shelving scheme Damaged status Not for loan Home library Current library Shelving location Date acquired Total Checkouts Full call number Barcode Date last seen Copy number Price effective from Koha item type
    Dewey Decimal Classification     London London News article 11/12/2001   WB3747-22 115961-1001 06/08/2019 1 06/08/2019 News article